000
00328nam a2200133Ia 4500
008
240624s9999 xx 000 0 und d
041
_a
eng
082
_a
302.35 GRE
100
_a
GREENBERG
245
_a
BEHAVIOR IN ORGANIZATIONS
250
_a
(9th ed.)
260
_c
2009
_a
New Delhi
_b
Prentice-Hall of India
365
_c
RS
_b
27
999
_c
15978
_d
15978